Penal y Procesal Penal : Suplemento Extraordinario Septiembre de 2010
Guardado en:
| Formato: | Seriadas |
|---|---|
| Idioma: | Spanish |
| Publicado: |
Buenos Aires :
La Ley,
2010
|
| Materias: | |
| Etiquetas: |
Agregar Etiqueta
Sin Etiquetas, Sea el primero en etiquetar este registro!
|
| LEADER | 00420nas a22001215a 4500 | ||
|---|---|---|---|
| 001 | DER.der010180 | ||
| 008 | 180615s2010####ag#||#|||||||||###||spa|| | ||
| 005 | 20230829081435.0 | ||
| 245 | 1 | 0 | |a Penal y Procesal Penal : |b Suplemento Extraordinario Septiembre de 2010 |
| 260 | |a Buenos Aires : |b La Ley, |c 2010 | ||
| 653 | |a DERECHO PENAL Y PROCESAL PENAL | ||
| 856 | |n Suplemento extraordinario por los 75 años de La Ley | ||
| 856 | |n Edición Aniversario | ||
